000 00338nam a2200145 i 4500
001 bg
100 1 _aSTOLARSKI, Edward
245 0 _aMiernictwo tranzystorowe /
_cEdward Stolarski.
250 _aWyd.4 zmien.
260 _aWarszawa,
_c1984.
040 _cBPK
041 _apol
942 _cKS
008 s pl f |000 0 pol
999 _c2327
_d2327
856 _uhttp://koha.tu.koszalin.pl/cgi-bin/koha/opac-detail.pl?biblionumber=2327
_yKatalog online BPK